000 00489nam a2200205Ia 4500
003 OSt
005 20230306122454.0
008 210210b2014 xxu||||| |||| 00| 0 eng d
040 _cAL
041 _aeng
082 _a346.066 RAMI
100 _aRAMAN (B S)
_974202
245 _aIndian corporate law
260 _aMangalore
_bUnited Publishers
_c2014
300 _a256
650 _a BCom VI semester
_974203
690 _aCompany Law
_974204
906 _a068356
942 _2ddc
_cBK
999 _c152477
_d152477